Subsurface Drainage design to maximize the system net present worth / (رقم التسجيلة. 177319)

تفاصيل مارك
000 -LEADER
fixed length control field 01447namaa22003251i 4500
005 - أخر تعامل مع التسجيلة
control field 20260211103322.0
008 - FIXED-LENGTH DATA ELEMENTS--GENERAL INFORMATION
fixed length control field 260103s1995 ua a|||fr|m|| 000 0 eng d
040 ## - CATALOGING SOURCE
Original cataloguing agency EG-GICUC
Language of cataloging eng
Transcribing agency EG-GICUC
Modifying agency EG-GICUC
Description conventions rda
041 0# - LANGUAGE CODE
Language code of text/sound track or separate title eng
Language code of summary or abstract eng
-- ara
049 ## - Acquisition Source
Acquisition Source Deposit
097 ## - Degree
Degree M.Sc
099 ## - LOCAL FREE-TEXT CALL NUMBER (OCLC)
Local Call Number Cai01.13.05.M.Sc.1995.Ah.S.
100 0# - MAIN ENTRY--PERSONAL NAME
Authority record control number or standard number Ahmed Mohamed El-Hawary,
Preparation preparation.
245 10 - TITLE STATEMENT
Title Subsurface Drainage design to maximize the system net present worth /
Statement of responsibility, etc. By Ahmed Mohamed El-Hawary; Supervised Prof. Dr. Abdallah Sadik Bazaraa, Prof. Dr. Mohamed Morsy Atrees, Dr. Hesham Mohamed Kandil
246 15 - VARYING FORM OF TITLE
Title proper/short title تصميم شبكات الصرف المغطى لتعظيم عائدها الاقتصادى
264 #0 - PRODUCTION, PUBLICATION, DISTRIBUTION, MANUFACTURE, AND COPYRIGHT NOTICE
Date of production, publication, distribution, manufacture, or copyright notice 1995.
300 ## - PHYSICAL DESCRIPTION
Extent 107 Pages :
Other physical details illustrations ;
Dimensions 25 cm. +
336 ## - CONTENT TYPE
Source rda content
Content type term text
337 ## - MEDIA TYPE
Source rdamedia
Media type term Unmediated
338 ## - CARRIER TYPE
Source rdacarrier
Carrier type term volume
502 ## - DISSERTATION NOTE
Dissertation note Thesis (M.Sc.)-Cairo University, 1995
504 ## - BIBLIOGRAPHY, ETC. NOTE
Bibliography, etc. note Bibliography: pages 82 :96
653 #0 - INDEX TERM--UNCONTROLLED
Uncontrolled term Irrigation and Hydraulics
700 0# - ADDED ENTRY--PERSONAL NAME
Personal name Abdallah Sadik Bazaraa
Relator term thesis advisor.
700 0# - ADDED ENTRY--PERSONAL NAME
Personal name Mohamed Morsy Atrees
Relator term thesis advisor.
700 0# - ADDED ENTRY--PERSONAL NAME
Personal name Hesham Mohamed Kandil
Relator term thesis advisor.
900 ## - Thesis Information
Department Department of Irrigation and Hydraulics
Faculties Faculty of Engineering
Universities Cairo University
Grant date 1995
Supervisory body Abdallah Sadik Bazaraa
-- Mohamed Morsy Atrees
-- Hesham Mohamed Kandil
Discussion body Abdallah Sadik Bazaraa
905 ## - Cataloger and Reviser Names
Cataloger Name Nagat Ghanem
Reviser Names Nourhan
942 ## - ADDED ENTRY ELEMENTS (KOHA)
Source of classification or shelving scheme Dewey Decimal Classification
Koha item type Thesis
Edition 21
Suppress in OPAC No
المقتنيات
Source of classification or shelving scheme Home library Current library Date acquired Inventory number Full call number Barcode Date last seen Effective from Koha item type
Dewey Decimal Classification المكتبة المركزبة الجديدة - جامعة القاهرة مكتبة المئوية 03.01.2026 27542 Cai01.13.05.M.Sc.1995.Ah.S 01010110027542000 03.01.2026 03.01.2026 Thesis
Cairo University Libraries Portal Implemented & Customized by: Eng. M. Mohamady Contacts: new-lib@cl.cu.edu.eg | cnul@cl.cu.edu.eg
CUCL logo CNUL logo
© All rights reserved — Cairo University Libraries
CUCL logo
Implemented & Customized by: Eng. M. Mohamady Contact: new-lib@cl.cu.edu.eg © All rights reserved — New Central Library
CNUL logo
Implemented & Customized by: Eng. M. Mohamady Contact: cnul@cl.cu.edu.eg © All rights reserved — Cairo National University Library